000 00997aam a2200325 i 4500
001 18587
003 CO-MdFUSB
005 20211030100604.0
008 160506t2010 sp ||||| |||| 00| 0 eng d
020 _a978-84-301-1743-7
040 _cCO-MdFUSB
_aCO-MdFUSB
_bEspañol
_dCO-MdFUSB
_erda
041 _aspa
082 _2273.4
_a23
_bW7211
100 _aWilliams, Rowan
_d1950-
245 1 0 _aArrio
_b: herejía y tradición
_c/ Rowan Williams ; traducido por Francisco J. Molina
264 1 _aSalamanca, España
_b : Sígueme,
_c[2010]
264 4 _c© 2010
300 _a430 páginas
_c;
336 _2rdacontent
_atexto
_btxt
337 _2rdamedia
_asin mediación
_bn
338 _2rdacarrier
_avolumen
_bnc
490 _aVerdad e imagen ;
500 _aTítulo original en inglés: Arius. Heresy and Tradition
501 _aRústico
505 _aArrio y la crisis nicena -- Arrio y la teología
651 _ySiglo IV
653 _aArrio
942 _cREF
945 _aEstudiante
999 _c45004
_d45004